[Event "Team Championship (men blitz)"]
[Site "Sochi"]
[Date "2017.10.05"]
[Round "11.24"]
[White "Kabanov, Nikolai"]
[Black "Maltsevskaya, Aleksandra"]
[Result "0-1"]
[LiveChessVersion "1.4.8"]
[BlackElo "2203"]
[WhiteElo "2380"]

1. e4 {[%clk 0:03:02]} c5 {[%clk 0:03:03]} 2. Nc3 {[%clk 0:03:03]} Nc6
{[%clk 0:03:03]} 3. Bb5 {[%clk 0:03:04]} Nd4 {[%clk 0:03:03]} 4. Nf3
{[%clk 0:03:04]} e6 {[%clk 0:03:02]} 5. O-O {[%clk 0:03:03]} a6 {[%clk 0:02:57]}
6. Bd3 {[%clk 0:03:03]} Nxf3+ {[%clk 0:02:55]} 7. Qxf3 {[%clk 0:03:03]} d6
{[%clk 0:02:56]} 8. a4 {[%clk 0:02:56]} Nf6 {[%clk 0:02:49]} 9. Bc4
{[%clk 0:02:53]} Be7 {[%clk 0:02:49]} 10. d3 {[%clk 0:02:51]} O-O
{[%clk 0:02:38]} 11. Bb3 {[%clk 0:02:48]} Rb8 {[%clk 0:02:28]} 12. a5
{[%clk 0:02:43]} Bd7 {[%clk 0:02:29]} 13. Bf4 {[%clk 0:02:43]} Bc6
{[%clk 0:02:27]} 14. Qe2 {[%clk 0:02:40]} Rc8 {[%clk 0:02:22]} 15. e5
{[%clk 0:02:37]} Nd5 {[%clk 0:02:13]} 16. Nxd5 {[%clk 0:02:35]} exd5
{[%clk 0:02:14]} 17. Rfe1 {[%clk 0:02:31]} dxe5 {[%clk 0:02:12]} 18. Bxe5
{[%clk 0:02:32]} Bf6 {[%clk 0:02:06]} 19. Qh5 {[%clk 0:02:13]} Bxe5
{[%clk 0:01:39]} 20. Rxe5 {[%clk 0:02:13]} g6 {[%clk 0:01:38]} 21. Qe2
{[%clk 0:02:07]} Qf6 {[%clk 0:01:19]} 22. c3 {[%clk 0:01:59]} Rce8
{[%clk 0:01:06]} 23. Re1 {[%clk 0:01:59]} Rxe5 {[%clk 0:01:02]} 24. Qxe5
{[%clk 0:01:57]} Re8 {[%clk 0:01:03]} 25. Qxe8+ {[%clk 0:01:55]} Bxe8
{[%clk 0:01:04]} 26. Rxe8+ {[%clk 0:01:56]} Kg7 {[%clk 0:01:05]} 27. Bxd5
{[%clk 0:01:47]} Qg5 {[%clk 0:01:05]} 28. Re1 {[%clk 0:01:26]} Qxd5 29. Rd1 Qb3
{[%clk 0:01:04]} 30. Rd2 {[%clk 0:01:28]} Qa2 {[%clk 0:01:04]} 31. g3
{[%clk 0:01:27]} Qxa5 {[%clk 0:01:04]} 32. d4 {[%clk 0:01:27]} Qa1+
{[%clk 0:01:00]} 33. Kg2 {[%clk 0:01:28]} Qe1 {[%clk 0:01:01]} 34. Rd3
{[%clk 0:01:26]} Qe4+ {[%clk 0:01:01]} 35. Rf3 {[%clk 0:01:28]} cxd4
{[%clk 0:01:01]} 36. cxd4 {[%clk 0:01:29]} g5 {[%clk 0:01:01]} 37. h3
{[%clk 0:01:29]} h5 {[%clk 0:01:01]} 38. g4 {[%clk 0:01:29]} hxg4
{[%clk 0:01:01]} 39. hxg4 {[%clk 0:01:30]} Qxg4+ {[%clk 0:01:01]} 40. Rg3
{[%clk 0:01:31]} Qe4+ {[%clk 0:01:01]} 41. Kg1 {[%clk 0:01:31]} Kg6
{[%clk 0:01:00]} 42. Rb3 {[%clk 0:01:28]} f5 {[%clk 0:00:53]} 43. Rb6+
{[%clk 0:01:27]} Kh5 {[%clk 0:00:55]} 44. Rd6 {[%clk 0:01:24]} Kg4
{[%clk 0:00:51]} 45. d5 {[%clk 0:01:11]} Kf3 {[%clk 0:00:50]} 46. Re6
{[%clk 0:01:10]} Qxd5 {[%clk 0:00:48]} 47. Re3+ {[%clk 0:01:10]} Kg4
{[%clk 0:00:49]} 0-1

[Event "Team Championship (men blitz)"]
[Site "Sochi"]
[Date "2017.10.05"]
[Round "11.25"]
[White "Kurbedinov, Ramis"]
[Black "Pogromsky, Mikhail"]
[Result "1-0"]
[LiveChessVersion "1.4.8"]
[BlackElo "2450"]
[WhiteElo "2259"]

1. e4 {[%clk 0:03:03]} Nf6 {[%clk 0:03:03]} 2. Nc3 {[%clk 0:03:04]} d5
{[%clk 0:03:05]} 3. exd5 {[%clk 0:03:05]} Nxd5 {[%clk 0:03:06]} 4. Bc4 c6 5. Qf3
{[%clk 0:02:59]} e6 {[%clk 0:03:09]} 6. Nge2 {[%clk 0:02:55]} Nd7
{[%clk 0:03:10]} 7. Qg3 {[%clk 0:02:52]} h5 {[%clk 0:03:00]} 8. h4
{[%clk 0:02:33]} g6 {[%clk 0:02:54]} 9. d3 {[%clk 0:02:31]} Nb4 {[%clk 0:02:49]}
10. O-O {[%clk 0:01:56]} Be7 {[%clk 0:02:43]} 11. Bg5 {[%clk 0:01:52]} Bxg5
{[%clk 0:02:31]} 12. hxg5 {[%clk 0:01:52]} Nxc2 {[%clk 0:02:27]} 13. Rad1
{[%clk 0:01:52]} Qa5 {[%clk 0:02:04]} 14. a3 {[%clk 0:01:47]} c5 {[%clk 0:01:48]}
15. Nb5 {[%clk 0:01:32]} O-O {[%clk 0:01:40]} 16. Qd6 {[%clk 0:01:27]} Qb6
{[%clk 0:01:27]} 17. Qe7 {[%clk 0:01:09]} Qd8 {[%clk 0:01:15]} 18. Qxd8
{[%clk 0:01:06]} Rxd8 {[%clk 0:01:16]} 19. Rc1 {[%clk 0:01:03]} Nd4
{[%clk 0:01:14]} 20. Nexd4 {[%clk 0:00:58]} cxd4 {[%clk 0:01:15]} 21. Nxd4
{[%clk 0:00:58]} Ne5 {[%clk 0:01:10]} 22. Nb3 {[%clk 0:00:39]} Bd7
{[%clk 0:01:05]} 23. Rfe1 {[%clk 0:00:40]} Nc6 {[%clk 0:01:06]} 24. Bb5
{[%clk 0:00:37]} Be8 {[%clk 0:00:56]} 25. Nc5 {[%clk 0:00:28]} a6
{[%clk 0:00:35]} 26. Bc4 {[%clk 0:00:17]} Rab8 {[%clk 0:00:32]} 27. Ne4
{[%clk 0:00:15]} Na5 {[%clk 0:00:28]} 28. Nf6+ {[%clk 0:00:10]} Kf8
{[%clk 0:00:30]} 29. Ba2 {[%clk 0:00:08]} Rbc8 {[%clk 0:00:27]} 30. b4
{[%clk 0:00:08]} Nc6 {[%clk 0:00:28]} 31. Rc3 {[%clk 0:00:05]} Nd4
{[%clk 0:00:29]} 32. Rxc8 Rxc8 33. g3 {[%clk 0:00:05]} Nf3+ {[%clk 0:00:30]} 34.
Kf1 {[%clk 0:00:06]} Nxe1 {[%clk 0:00:31]} 35. Kxe1 {[%clk 0:00:07]} Rc3
{[%clk 0:00:28]} 36. Bc4 {[%clk 0:00:04]} b5 {[%clk 0:00:29]} 1-0

[Event "Team Championship (men blitz)"]
[Site "Sochi"]
[Date "2017.10.05"]
[Round "11.26"]
[White "Vokarev, Sergey"]
[Black "Iljin, Timofey"]
[Result "1-0"]
[LiveChessVersion "1.4.8"]
[BlackElo "2373"]
[WhiteElo "2427"]

1. Nf3 {[%clk 0:03:03]} d5 {[%clk 0:03:02]} 2. g3 {[%clk 0:03:04]} Nf6
{[%clk 0:03:02]} 3. Bg2 {[%clk 0:03:05]} c5 {[%clk 0:02:57]} 4. O-O
{[%clk 0:03:06]} g6 {[%clk 0:02:47]} 5. d4 {[%clk 0:03:05]} cxd4 {[%clk 0:02:47]}
6. Nxd4 {[%clk 0:03:06]} Bg7 {[%clk 0:02:48]} 7. Nb3 {[%clk 0:03:07]} O-O
{[%clk 0:02:48]} 8. Nc3 {[%clk 0:03:08]} e6 {[%clk 0:02:43]} 9. e4
{[%clk 0:03:08]} dxe4 {[%clk 0:02:34]} 10. Nxe4 {[%clk 0:03:03]} Nxe4
{[%clk 0:02:22]} 11. Qxd8 {[%clk 0:03:01]} Rxd8 {[%clk 0:02:23]} 12. Bxe4 Nc6 13.
c3 {[%clk 0:02:59]} f5 {[%clk 0:01:57]} 14. Bg2 {[%clk 0:02:57]} Kf7
{[%clk 0:01:55]} 15. Bg5 {[%clk 0:02:54]} Bf6 {[%clk 0:01:47]} 16. Bxf6
{[%clk 0:02:49]} Kxf6 {[%clk 0:01:48]} 17. Rfd1 {[%clk 0:02:49]} Rxd1+
{[%clk 0:01:24]} 18. Rxd1 {[%clk 0:02:49]} Ke7 {[%clk 0:01:26]} 19. Bxc6
{[%clk 0:02:42]} bxc6 {[%clk 0:01:27]} 20. Nc5 {[%clk 0:02:38]} e5
{[%clk 0:01:07]} 21. f3 {[%clk 0:02:35]} Be6 {[%clk 0:01:03]} 22. b3
{[%clk 0:02:34]} Re8 {[%clk 0:00:34]} 23. Kf2 {[%clk 0:02:32]} g5
{[%clk 0:00:34]} 24. c4 {[%clk 0:02:31]} h5 {[%clk 0:00:34]} 25. Nd3
{[%clk 0:02:25]} Kf6 {[%clk 0:00:27]} 26. Nc5 Ke7 27. Ke3 {[%clk 0:01:58]} Rh8
{[%clk 0:00:15]} 28. Nxe6 {[%clk 0:01:56]} Kxe6 {[%clk 0:00:16]} 29. c5
{[%clk 0:01:57]} h4 {[%clk 0:00:14]} 30. Rd6+ Ke7 31. g4 {[%clk 0:01:57]} fxg4
{[%clk 0:00:14]} 32. fxg4 {[%clk 0:01:58]} Rf8 {[%clk 0:00:07]} 33. Rxc6
{[%clk 0:01:55]} Rf4 {[%clk 0:00:08]} 34. h3 {[%clk 0:01:50]} e4 {[%clk 0:00:07]}
35. Rg6 {[%clk 0:01:44]} Rf3+ {[%clk 0:00:05]} 36. Kxe4 {[%clk 0:01:45]} Rxh3
{[%clk 0:00:06]} 37. Rxg5 {[%clk 0:01:45]} Rh2 {[%clk 0:00:07]} 38. Rh5
{[%clk 0:01:36]} h3 {[%clk 0:00:07]} 39. Kd5 {[%clk 0:01:36]} Rd2+
{[%clk 0:00:06]} 40. Kc6 h2 41. a4 {[%clk 0:01:33]} a5 {[%clk 0:00:09]} 42. Kc7
{[%clk 0:01:32]} Rd5 {[%clk 0:00:05]} 43. Rh7+ {[%clk 0:01:25]} Ke6
{[%clk 0:00:05]} 44. c6 {[%clk 0:01:26]} Rd2 {[%clk 0:00:04]} 45. Kc8
{[%clk 0:01:19]} Rc2 {[%clk 0:00:03]} 46. c7 Kd6 47. Rh6+ {[%clk 0:01:16]} Kc5
{[%clk 0:00:04]} 48. Kb7 {[%clk 0:01:14]} Kb4 {[%clk 0:00:04]} 49. c8=Q
{[%clk 0:01:10]} Rxc8 {[%clk 0:00:05]} 50. Kxc8 {[%clk 0:01:11]} Kxb3
{[%clk 0:00:06]} 51. Rxh2 {[%clk 0:01:11]} Kxa4 {[%clk 0:00:08]} 52. g5
{[%clk 0:01:12]} Kb3 {[%clk 0:00:09]} 53. g6 a4 54. g7 a3 55. g8=Q+
{[%clk 0:01:12]} Kc3 {[%clk 0:00:14]} 56. Qa2 Kb4 57. Rh3 {[%clk 0:01:11]} Kc5
{[%clk 0:00:17]} 58. Qxa3+ {[%clk 0:01:11]} Kd4 {[%clk 0:00:19]} 59. Rh1
{[%clk 0:01:11]} Ke4 {[%clk 0:00:20]} 60. Qa1 Kf3 61. Kc7 {[%clk 0:01:12]} Ke4
{[%clk 0:00:24]} 62. Qe1+ {[%clk 0:01:12]} Kf3 {[%clk 0:00:25]} 63. Kd6 Kf4 64.
Kd5 {[%clk 0:01:11]} Kf3 {[%clk 0:00:29]} 65. Kd4 {[%clk 0:01:09]} Kg4
{[%clk 0:00:30]} 66. Rg1+ {[%clk 0:01:09]} Kf5 {[%clk 0:00:32]} 67. Rg5+
{[%clk 0:01:09]} Kxg5 {[%clk 0:00:33]} 68. Qf1 Kg4 69. Qf2 Kg5 70. Qf3 Kg6 71.
Kd3 Kg5 72. Ke2 Kg6 73. Qf4 Kh5 74. Kf1 Kg6 75. Kg1 Kh5 76. Qg3 {[%clk 0:01:13]}
Kh6 {[%clk 0:00:49]} 77. Kf1 Kh5 78. Ke2 {[%clk 0:01:14]} Kh6 {[%clk 0:00:52]}
79. Kd3 Kh5 80. Kc4 {[%clk 0:01:16]} Kh6 81. Qg4 Kh7 {[%clk 0:00:54]} 82. Kd5 Kh6
83. Ke6 {[%clk 0:01:17]} Kh7 {[%clk 0:00:58]} 84. Kf7 {[%clk 0:01:16]} Kh6
{[%clk 0:00:59]} 85. Kf6 Kh7 86. Qg6+ {[%clk 0:01:15]} Kh8 {[%clk 0:01:02]} 87.
Qh6+ {[%clk 0:01:16]} Kg8 {[%clk 0:01:03]} 88. Qg7# 1-0

[Event "Team Championship (men blitz)"]
[Site "Sochi"]
[Date "2017.10.05"]
[Round "11.27"]
[White "Papenin, Nikolai"]
[Black "Kozlov, Oleg"]
[Result "1-0"]
[LiveChessVersion "1.4.8"]
[BlackElo "2286"]
[WhiteElo "2334"]

1. d4 {[%clk 0:03:03]} d5 {[%clk 0:03:04]} 2. c4 e6 3. Nc3 Nf6 4. Nf3
{[%clk 0:03:05]} c6 {[%clk 0:03:08]} 5. e3 {[%clk 0:03:06]} Nbd7 {[%clk 0:03:08]}
6. Qc2 {[%clk 0:03:07]} Bd6 {[%clk 0:03:08]} 7. Bd3 {[%clk 0:03:07]} dxc4
{[%clk 0:03:08]} 8. Bxc4 e5 9. O-O {[%clk 0:02:36]} O-O {[%clk 0:03:09]} 10. h3
{[%clk 0:02:29]} Qe7 {[%clk 0:02:38]} 11. a3 {[%clk 0:02:29]} e4 {[%clk 0:02:20]}
12. Ng5 {[%clk 0:02:01]} Nb6 {[%clk 0:02:18]} 13. Ba2 {[%clk 0:01:57]} Nfd5
{[%clk 0:01:38]} 14. Ngxe4 {[%clk 0:01:51]} Bf5 {[%clk 0:01:39]} 15. f3
{[%clk 0:01:43]} Nxc3 {[%clk 0:01:33]} 16. bxc3 {[%clk 0:01:34]} Rae8
{[%clk 0:01:11]} 17. Bb1 {[%clk 0:01:21]} Nc4 {[%clk 0:00:54]} 18. Qf2
{[%clk 0:00:59]} Bxa3 {[%clk 0:00:42]} 19. Bxa3 {[%clk 0:00:50]} Nxa3
{[%clk 0:00:43]} 20. Bd3 {[%clk 0:00:44]} a6 {[%clk 0:00:41]} 21. Qa2
{[%clk 0:00:39]} Nb5 {[%clk 0:00:40]} 22. Qb2 {[%clk 0:00:28]} Bxe4
{[%clk 0:00:32]} 23. fxe4 {[%clk 0:00:26]} f6 {[%clk 0:00:21]} 24. Rf4
{[%clk 0:00:26]} Kh8 {[%clk 0:00:17]} 25. Raf1 {[%clk 0:00:24]} Qa3
{[%clk 0:00:10]} 26. Qe2 {[%clk 0:00:25]} Qxc3 {[%clk 0:00:06]} 27. e5
{[%clk 0:00:26]} 1-0

[Event "Team Championship (men blitz)"]
[Site "Sochi"]
[Date "2017.10.05"]
[Round "11.28"]
[White "Ozgibcev, Anatoly"]
[Black "Derjabin, Ilja"]
[Result "1-0"]
[LiveChessVersion "1.4.8"]
[BlackElo "2388"]
[WhiteElo "2354"]

1. e4 {[%clk 0:03:02]} e6 {[%clk 0:03:03]} 2. d4 {[%clk 0:03:02]} d5
{[%clk 0:03:04]} 3. e5 {[%clk 0:03:04]} c5 {[%clk 0:03:06]} 4. c3
{[%clk 0:03:05]} Qa5 {[%clk 0:03:07]} 5. dxc5 {[%clk 0:02:52]} Qxc5
{[%clk 0:03:07]} 6. Nf3 {[%clk 0:02:53]} Qc7 {[%clk 0:03:07]} 7. Bd3
{[%clk 0:02:51]} Nc6 {[%clk 0:03:08]} 8. Qe2 {[%clk 0:02:46]} Bd7
{[%clk 0:03:09]} 9. O-O {[%clk 0:02:45]} Bc5 {[%clk 0:03:06]} 10. Nbd2
{[%clk 0:02:34]} Nge7 {[%clk 0:03:06]} 11. Nb3 Bb6 12. Bf4 {[%clk 0:02:35]} h6
{[%clk 0:03:05]} 13. h4 {[%clk 0:02:36]} a6 {[%clk 0:02:41]} 14. Rfe1
{[%clk 0:02:25]} Ng6 {[%clk 0:02:32]} 15. Bg3 {[%clk 0:02:05]} Rc8
{[%clk 0:02:22]} 16. h5 {[%clk 0:01:59]} Nge7 {[%clk 0:02:23]} 17. Bf4
{[%clk 0:02:00]} Na7 {[%clk 0:02:09]} 18. Nfd4 {[%clk 0:01:55]} Nac6
{[%clk 0:02:06]} 19. Qg4 {[%clk 0:01:46]} Kf8 {[%clk 0:02:06]} 20. Re3
{[%clk 0:01:42]} Nxd4 {[%clk 0:02:06]} 21. Nxd4 {[%clk 0:01:42]} Bxd4
{[%clk 0:02:02]} 22. cxd4 {[%clk 0:01:43]} Bb5 {[%clk 0:02:02]} 23. Rg3
{[%clk 0:01:34]} Rg8 {[%clk 0:01:41]} 24. Bh7 {[%clk 0:01:18]} Nf5
{[%clk 0:01:42]} 25. Bxf5 {[%clk 0:01:13]} exf5 {[%clk 0:01:43]} 26. Qxf5
{[%clk 0:01:11]} Bd7 {[%clk 0:01:43]} 27. Qd3 {[%clk 0:00:54]} Qc2
{[%clk 0:01:39]} 28. Qa3+ Ke8 29. Rc1 {[%clk 0:00:47]} Qf5 {[%clk 0:01:40]} 30.
Rxc8+ {[%clk 0:00:37]} Bxc8 {[%clk 0:01:42]} 31. Bd2 {[%clk 0:00:30]} Qxh5
{[%clk 0:01:36]} 32. Qb3 {[%clk 0:00:26]} g6 {[%clk 0:01:22]} 33. Bb4
{[%clk 0:00:24]} Bd7 {[%clk 0:01:04]} 34. Re3 {[%clk 0:00:17]} Bc6
{[%clk 0:00:54]} 35. Qc3 {[%clk 0:00:17]} Kd7 {[%clk 0:00:29]} 36. Qc5
{[%clk 0:00:14]} Kc8 {[%clk 0:00:21]} 37. Qe7 {[%clk 0:00:15]} Qd1+
{[%clk 0:00:21]} 38. Re1 {[%clk 0:00:14]} Qa4 {[%clk 0:00:20]} 39. Bd6
{[%clk 0:00:15]} Qa5 {[%clk 0:00:22]} 40. Rc1 {[%clk 0:00:14]} Qb6
{[%clk 0:00:09]} 41. e6 {[%clk 0:00:14]} Qd8 42. exf7 {[%clk 0:00:11]} Rh8
{[%clk 0:00:03]} 43. Qxd8+ {[%clk 0:00:09]} Kxd8 {[%clk 0:00:04]} 44. f8=Q+
{[%clk 0:00:09]} Rxf8 {[%clk 0:00:05]} 45. Bxf8 1-0

[Event "Team Championship (men blitz)"]
[Site "Sochi"]
[Date "2017.10.05"]
[Round "11.29"]
[White "Alexeev, Alexey"]
[Black "Moskalenko, Alexander"]
[Result "0-1"]
[LiveChessVersion "1.4.8"]
[BlackElo "2580"]
[WhiteElo "2264"]

1. e4 {[%clk 0:03:03]} d6 {[%clk 0:03:04]} 2. d4 {[%clk 0:03:04]} Nf6
{[%clk 0:03:05]} 3. Nc3 {[%clk 0:03:05]} e5 {[%clk 0:03:06]} 4. dxe5
{[%clk 0:03:05]} dxe5 {[%clk 0:03:07]} 5. Qxd8+ {[%clk 0:03:05]} Kxd8
{[%clk 0:03:08]} 6. Bg5 {[%clk 0:03:05]} Nbd7 {[%clk 0:03:03]} 7. O-O-O
{[%clk 0:03:05]} Bd6 {[%clk 0:03:03]} 8. Nf3 {[%clk 0:02:51]} a6 {[%clk 0:03:00]}
9. Bc4 {[%clk 0:02:41]} Ke8 {[%clk 0:03:01]} 10. a3 {[%clk 0:02:35]} b5
{[%clk 0:02:59]} 11. Bb3 {[%clk 0:02:32]} Bb7 {[%clk 0:02:54]} 12. Rhe1
{[%clk 0:02:28]} Nc5 {[%clk 0:02:37]} 13. Ba2 {[%clk 0:02:10]} Nfxe4
{[%clk 0:02:23]} 14. Nxe4 {[%clk 0:01:58]} Nxe4 {[%clk 0:02:23]} 15. Bd5
{[%clk 0:01:15]} Bxd5 {[%clk 0:02:11]} 16. Rxd5 {[%clk 0:01:16]} Nxg5
{[%clk 0:02:07]} 17. Nxg5 {[%clk 0:01:17]} f6 {[%clk 0:02:08]} 18. Ne4
{[%clk 0:01:02]} Ke7 {[%clk 0:02:09]} 19. f4 {[%clk 0:00:58]} Rhd8
{[%clk 0:02:10]} 20. Nf2 {[%clk 0:00:35]} Kf7 {[%clk 0:02:02]} 21. f5
{[%clk 0:00:15]} c6 {[%clk 0:01:50]} 22. Rd3 {[%clk 0:00:11]} Bc5
{[%clk 0:01:45]} 23. Rxd8 {[%clk 0:00:08]} Rxd8 {[%clk 0:01:46]} 24. Ne4
{[%clk 0:00:09]} Bb6 {[%clk 0:01:46]} 25. c3 {[%clk 0:00:08]} Ke7
{[%clk 0:01:43]} 26. Kc2 {[%clk 0:00:09]} g6 {[%clk 0:01:38]} 27. g4
{[%clk 0:00:08]} Rg8 {[%clk 0:01:33]} 28. Rf1 {[%clk 0:00:00]} 0-1

[Event "Team Championship (men blitz)"]
[Site "Sochi"]
[Date "2017.10.05"]
[Round "11.30"]
[White "Oganian, Miran"]
[Black "Pervakov, Sergey"]
[Result "1-0"]
[LiveChessVersion "1.4.8"]
[BlackElo "2137"]
[WhiteElo "2496"]

1. d4 {[%clk 0:03:03]} d6 {[%clk 0:03:03]} 2. Nf3 {[%clk 0:03:04]} Nf6
{[%clk 0:03:03]} 3. c4 {[%clk 0:03:06]} g6 {[%clk 0:03:04]} 4. Nc3
{[%clk 0:03:07]} Bg7 {[%clk 0:03:06]} 5. e4 {[%clk 0:03:08]} O-O {[%clk 0:03:05]}
6. Be2 {[%clk 0:03:09]} e5 {[%clk 0:03:04]} 7. Be3 {[%clk 0:03:11]} Ng4
{[%clk 0:02:57]} 8. Bg5 {[%clk 0:03:12]} f6 9. Bh4 g5 {[%clk 0:02:57]} 10. Bg3
{[%clk 0:03:15]} Nh6 {[%clk 0:02:46]} 11. d5 {[%clk 0:03:07]} Nd7
{[%clk 0:02:40]} 12. Nd2 {[%clk 0:03:08]} a5 {[%clk 0:02:32]} 13. a3
{[%clk 0:03:08]} f5 {[%clk 0:02:19]} 14. exf5 {[%clk 0:03:09]} Nxf5
{[%clk 0:02:20]} 15. Nde4 {[%clk 0:03:08]} h6 {[%clk 0:02:08]} 16. O-O
{[%clk 0:03:08]} Nf6 {[%clk 0:02:02]} 17. Bd3 {[%clk 0:03:07]} Nd4
{[%clk 0:01:52]} 18. Nxf6+ {[%clk 0:02:56]} Qxf6 {[%clk 0:01:47]} 19. Ne4
{[%clk 0:02:56]} Qe7 {[%clk 0:01:32]} 20. b4 {[%clk 0:02:54]} a4 {[%clk 0:01:22]}
21. Rc1 {[%clk 0:02:48]} Bf5 {[%clk 0:01:15]} 22. Re1 {[%clk 0:02:34]} Bg6
{[%clk 0:00:47]} 23. Nc3 {[%clk 0:02:26]} Bxd3 {[%clk 0:00:36]} 24. Qxd3
{[%clk 0:02:27]} Qf7 {[%clk 0:00:32]} 25. Ne4 {[%clk 0:02:17]} Qf5
{[%clk 0:00:29]} 26. c5 {[%clk 0:02:01]} Rf7 {[%clk 0:00:21]} 27. cxd6
{[%clk 0:01:59]} cxd6 {[%clk 0:00:19]} 28. Rc3 {[%clk 0:01:57]} h5
{[%clk 0:00:12]} 29. Nxd6 {[%clk 0:01:50]} Qxd3 {[%clk 0:00:06]} 30. Rxd3
{[%clk 0:01:51]} Rd7 {[%clk 0:00:07]} 31. Bxe5 {[%clk 0:01:44]} Nc2
{[%clk 0:00:05]} 32. Re2 {[%clk 0:01:31]} Bxe5 {[%clk 0:00:06]} 33. Nc4
{[%clk 0:01:23]} 1-0

[Event "Team Championship (men blitz)"]
[Site "Sochi"]
[Date "2017.10.05"]
[Round "11.31"]
[White "Rudenko, Eugeny"]
[Black "Vastrukhin, Oleg"]
[Result "1-0"]
[LiveChessVersion "1.4.8"]
[BlackElo "2424"]
[WhiteElo "2108"]

1. e4 {[%clk 0:03:03]} e6 2. d4 {[%clk 0:03:04]} d5 {[%clk 0:03:04]} 3. Nd2
{[%clk 0:03:05]} c5 {[%clk 0:03:04]} 4. Ngf3 {[%clk 0:03:06]} Nc6
{[%clk 0:03:06]} 5. exd5 {[%clk 0:03:06]} exd5 {[%clk 0:03:07]} 6. Bb5
{[%clk 0:03:07]} Bd6 {[%clk 0:03:08]} 7. O-O {[%clk 0:03:08]} Nge7
{[%clk 0:03:08]} 8. dxc5 {[%clk 0:03:08]} Bxc5 {[%clk 0:03:09]} 9. Re1
{[%clk 0:03:08]} O-O 10. Nb3 Bb6 {[%clk 0:03:11]} 11. Be3 {[%clk 0:03:06]} Bxe3
{[%clk 0:03:10]} 12. Rxe3 {[%clk 0:03:07]} Bf5 {[%clk 0:03:11]} 13. c3
{[%clk 0:03:05]} a6 {[%clk 0:03:10]} 14. Bxc6 {[%clk 0:03:00]} bxc6
{[%clk 0:02:59]} 15. Nfd4 {[%clk 0:02:55]} Be4 {[%clk 0:02:57]} 16. f3
{[%clk 0:02:55]} Bg6 {[%clk 0:02:57]} 17. Nc5 {[%clk 0:02:57]} a5
{[%clk 0:02:46]} 18. a3 {[%clk 0:02:49]} Qd6 {[%clk 0:02:38]} 19. b4
{[%clk 0:02:48]} Nc8 {[%clk 0:02:24]} 20. Nb7 {[%clk 0:02:40]} Qc7
{[%clk 0:02:22]} 21. Nxa5 {[%clk 0:02:39]} c5 {[%clk 0:02:24]} 22. Ndb3
{[%clk 0:02:27]} c4 {[%clk 0:02:23]} 23. Nd4 {[%clk 0:02:27]} Nd6
{[%clk 0:02:16]} 24. Nac6 {[%clk 0:02:13]} h5 {[%clk 0:02:15]} 25. a4
{[%clk 0:02:08]} Rfe8 {[%clk 0:01:56]} 26. Qe1 {[%clk 0:01:57]} Kh7
{[%clk 0:01:45]} 27. a5 {[%clk 0:01:57]} Qd7 {[%clk 0:01:16]} 28. Qf2
{[%clk 0:01:41]} Rac8 {[%clk 0:01:16]} 29. Rae1 {[%clk 0:01:40]} Rxe3
{[%clk 0:01:17]} 30. Rxe3 {[%clk 0:01:40]} Rxc6 {[%clk 0:01:18]} 31. Nxc6
{[%clk 0:01:36]} Qxc6 {[%clk 0:01:20]} 32. Re5 {[%clk 0:01:28]} Nb5
{[%clk 0:01:15]} 33. Qc5 {[%clk 0:01:10]} Qxc5+ {[%clk 0:01:14]} 34. bxc5
{[%clk 0:01:11]} d4 {[%clk 0:01:16]} 35. cxd4 {[%clk 0:01:06]} c3
{[%clk 0:01:17]} 36. a6 {[%clk 0:01:05]} Nxd4 {[%clk 0:00:52]} 37. a7
{[%clk 0:00:59]} Nc6 {[%clk 0:00:53]} 38. Re1 {[%clk 0:00:41]} Nxa7
{[%clk 0:00:54]} 39. Rc1 {[%clk 0:00:41]} c2 {[%clk 0:00:56]} 40. Kf2
{[%clk 0:00:43]} Nc6 {[%clk 0:00:56]} 41. Ke3 {[%clk 0:00:44]} Kg8
{[%clk 0:00:53]} 42. g3 {[%clk 0:00:43]} Kf8 {[%clk 0:00:55]} 43. h3 Ke7
{[%clk 0:00:56]} 44. g4 {[%clk 0:00:45]} hxg4 {[%clk 0:00:57]} 45. hxg4
{[%clk 0:00:46]} Ke6 {[%clk 0:00:59]} 46. f4 {[%clk 0:00:48]} Nb4
{[%clk 0:00:45]} 47. f5+ {[%clk 0:00:48]} Bxf5 {[%clk 0:00:46]} 48. gxf5+
{[%clk 0:00:49]} Kd5 {[%clk 0:00:48]} 49. Kd2 {[%clk 0:00:42]} Kxc5
{[%clk 0:00:48]} 50. Rg1 {[%clk 0:00:43]} Kc4 {[%clk 0:00:44]} 51. Rxg7
{[%clk 0:00:43]} Kb3 {[%clk 0:00:45]} 52. Rxf7 {[%clk 0:00:40]} Kb2
{[%clk 0:00:27]} 53. Rc7 {[%clk 0:00:37]} Kb1 {[%clk 0:00:29]} 54. Rc4
{[%clk 0:00:30]} 1-0